Fundamentals of integrated design for sustainable building / (Record no. 26304)
[ view plain ]
| 000 -LEADER | |
|---|---|
| fixed length control field | 02083cam a22003255a 4500 |
| 001 - CONTROL NUMBER | |
| control field | 15500115 |
| 003 - CONTROL NUMBER IDENTIFIER | |
| control field | EG-ScBUE |
| 005 - DATE AND TIME OF LATEST TRANSACTION | |
| control field | 20220919103019.0 |
| 008 - FIXED-LENGTH DATA ELEMENTS--GENERAL INFORMATION | |
| fixed length control field | 081027t2009 njua f b 001 0 eng d |
| 020 ## - INTERNATIONAL STANDARD BOOK NUMBER | |
| International Standard Book Number | 9780470152935 |
| 040 ## - CATALOGING SOURCE | |
| Original cataloging agency | DLC |
| Language of cataloging | eng |
| Description conventions | rda |
| Transcribing agency | DLC |
| Modifying agency | DLC |
| -- | EG-ScBUE |
| 082 04 - DEWEY DECIMAL CLASSIFICATION NUMBER | |
| Classification number | 720.47 |
| Edition number | 22 |
| Item number | KEE |
| 100 1# - MAIN ENTRY--PERSONAL NAME | |
| Personal name | Keeler, Marian, |
| Relator term | author. |
| 245 10 - TITLE STATEMENT | |
| Title | Fundamentals of integrated design for sustainable building / |
| Statement of responsibility, etc | Marian Keeler, Bill Burke. |
| 264 #1 - PUBLICATION, DISTRIBUTION, ETC. (IMPRINT) | |
| Place of publication, distribution, etc | Hoboken, New Jersey : |
| Name of publisher, distributor, etc | John Wiley & Sons, |
| Date of publication, distribution, etc | [2009] |
| 264 #4 - PUBLICATION, DISTRIBUTION, ETC. (IMPRINT) | |
| Date of publication, distribution, etc | c2009 |
| 300 ## - PHYSICAL DESCRIPTION | |
| Extent | xvi, 338 pages : |
| Other physical details | illustrations ; |
| Dimensions | 29 cm |
| 336 ## - CONTENT TYPE | |
| Source | rdacontent |
| Content type term | text |
| Content type code | txt |
| 337 ## - MEDIA TYPE | |
| Source | rdamedia |
| Media type term | unmediated |
| Media type code | n |
| 338 ## - CARRIER TYPE | |
| Source | rdacarrier |
| Carrier type term | volume |
| Carrier type code | nc |
| 504 ## - BIBLIOGRAPHY, ETC. NOTE | |
| Bibliography, etc | Includes bibliographical references and index. |
| 505 0# - FORMATTED CONTENTS NOTE | |
| Formatted contents note | The integrated building design process -- A history of the environmental movements -- Modern international conferences and treaties -- The emergence of green building and green building legislation -- Sources of chemicals in the environment -- Environmental chemicals in humans and buildings -- Indoor air quality technologies: green design for long-term occupant health -- Indoor environmental quality issues -- Introduction to energy issues: use and standards -- Basic physical principles of energy transfer and storage -- Energy-efficient building design: residential and small commercial buildings -- Energy-efficient building design: nonresidential buildings -- Resource efficiency and resource use in buildings -- Materials selection and product certification -- Water quality and water conservation -- Sustainable neighborhoods and communities -- Case studies -- Rating systems and practice tools -- Life cycle assessment -- Waste impacts in the building industry -- Construction and demolition waste management. |
| 650 #7 - SUBJECT ADDED ENTRY--TOPICAL TERM | |
| Topical term or geographic name as entry element | Sustainable architecture. |
| Source of heading or term | BUEsh |
| 9 (RLIN) | 12568 |
| 650 #7 - SUBJECT ADDED ENTRY--TOPICAL TERM | |
| Topical term or geographic name as entry element | Architecture |
| General subdivision | Environmental aspects. |
| Source of heading or term | BUEsh |
| 9 (RLIN) | 11652 |
| 651 ## - SUBJECT ADDED ENTRY--GEOGRAPHIC NAME | |
| Source of heading or term | BUEsh |
| 653 ## - INDEX TERM--UNCONTROLLED | |
| Resource For college | Engineering, Architecture |
| Arrived date list | March2018 |
| 655 ## - INDEX TERM--GENRE/FORM | |
| Form subdivision | Reading book |
| 9 (RLIN) | 34232 |
| 700 1# - ADDED ENTRY--PERSONAL NAME | |
| Personal name | Burke, Bill, |
| Titles and other words associated with a name | A.I.A. |
| Relator term | author. |
| 942 ## - ADDED ENTRY ELEMENTS (KOHA) | |
| Source of classification or shelving scheme | Dewey Decimal Classification |
| Koha item type | Book - Borrowing |
| Withdrawn status | Lost status | Source of classification or shelving scheme | Damaged status | Not for loan | Home library | Current library | Shelving location | Date acquired | Total Checkouts | Total Renewals | Full call number | Barcode | Date last seen | Date checked out | Price effective from | Koha item type |
|---|---|---|---|---|---|---|---|---|---|---|---|---|---|---|---|---|
| Dewey Decimal Classification | Central Library | Central Library | Second Floor | 14/03/2018 | 3 | 29 | 720.47 KEE | 000047406 | 15/07/2025 | 09/01/2021 | 14/03/2018 | Book - Borrowing |